| 000 | 01333cam a22003135a 4500 | ||
|---|---|---|---|
| 999 |
_c27158 _d27130 |
||
| 005 | 20190214123046.0 | ||
| 008 | 980413s1998 enk frb 001 0 eng d | ||
| 020 | _a1860643566 | ||
| 020 | _a9781860643569 | ||
| 035 | _a(InU)AKA2065BB | ||
| 035 | _a(OCoLC)ocm40060405 | ||
| 040 |
_aGZM _beng _cGZM _dEG-ScBUE |
||
| 043 | _aa-le--- | ||
| 082 | 0 | 4 |
_a305.8927569094 _bHUM _222 |
| 100 | 1 | _aHumphrey, Michael. | |
| 245 | 1 | 0 |
_aIslam, multiculturalism and transnationalism : _bfrom the Lebanese diaspora / _cMichael Humphrey. |
| 260 |
_aLondon ; _aNew York : _bThe Centre for Lebanese Studies in association with I.B. Tauris Publishers, _cc.1998. |
||
| 300 |
_avii, 200 p. ; _c23 cm. |
||
| 504 | _aIncludes bibliographical references (p. 187-193) and index. | ||
| 520 | _aThe migration of people is now increasingly about the internationalisation of citizenship rather than the cultural or class homogenisation of people in nation states. The Lebanese provide a particularly rich example of this phenomenon. | ||
| 650 | 7 |
_aLebanese _zForeign countries. _2BUEsh |
|
| 650 | 7 |
_aLebanese _xMigrations. _2BUEsh |
|
| 650 | 7 |
_aMulticulturalism _xReligious aspects _xIslam. _2BUEsh |
|
| 650 | 7 |
_aIslam and world politics. _2BUEsh |
|
| 650 | 7 |
_aInternationalism. _2BUEsh |
|
| 651 | _2BUEsh | ||
| 653 |
_bBUSBOL _cFebruary2019 |
||
| 942 | _2ddc | ||